| 000 | 02100nam a2200361 c 4500 | ||
|---|---|---|---|
| 999 |
_c153806 _d153806 |
||
| 003 | BLK | ||
| 005 | 20240717124700.0 | ||
| 008 | 180410b bul|||||r ||||||| ||bul|| | ||
| 010 | _aKNG00160361000 | ||
| 040 | _aBLK | ||
| 041 |
_aBUL _cBUL |
||
| 080 |
_aБългарска литература _b821.163.2 _x(081.1) _z821.163.2(081.1) |
||
| 080 |
_aБългарска литература _b821.163.2 _x-8 _z821.163.2-8 |
||
| 100 |
_aКаравелов, Любен Стойчев _d1834-1879 _gПисател, публицист, фолклорист, революционер _9431119 |
||
| 139 |
_aКаравелов, Любен Стойчев _bК 29 |
||
| 245 | 1 | 0 |
_aСъбрани съчинения _bВ 12 т. _cЛюбен Стойчев Каравелов; ред. Цвета Иванова Унджиева; с предг. от Петър Николов Динеков; подб. и ред. на том Петко Тотев. _nТ. 12 _pБрошури и писма |
| 257 | _aBGR | ||
| 260 |
_bБълг. писател _c1984 - |
||
| 300 | _c21 см | ||
| 380 | _aX | ||
| 500 | _aДруги ред. : Д. Леков, П. Тотев. | ||
| 700 | 1 |
_aУнджиева, Цвета Иванова _d1930 - 2000 _9132910 |
|
| 700 | 1 |
_aДинеков, Петър Николов _eс предг. от _9363799 |
|
| 700 | 1 |
_aТотев, Петко _eподб. и ред. на том _9365669 |
|
| 760 | 1 |
_aКаравелов, Любен Стойчев _d1992 _h670 с. _nАзб. показалец за лица, период. изд., загл. на призведения, д-ва и др. ; Азб. показалец на геогр. имена ; Речник ; Списък на прил. - Кн. е изд. с конкурс на Нац. център за книгата. _tТ. 12 Брошури и писма |
|
| 852 | _aЦб 131471 | ||
| 856 | 4 |
_qpdf _i0.00 _ldisable |
|
| 856 | 4 |
_qpdf _i0.00 _ldisable |
|
| 942 |
_cKNG _n0 _s1 |
||
| 944 |
_aCR _c07.05.2014 _lГеновева Генчева _k30560 |
||
| 944 |
_aED _c07.05.2014 _l07.05.2014 - от С1,Р / 07.05.2014 |
||
| 999 | _d153806 | ||